100 Biggest Cities in Louisiana on a Map - Statistics

General Stats
  • This quiz has been taken 9 times
  • The average score is 26 of 100
Answers on the Map
Answers color-coded by a green-red scale on the quiz's map according to % correct below.
 
Answer Stats
Population City % Correct
226,926 Baton Rouge
100%
66,457 Kenner
100%
384,130 New Orleans
100%
187,540 Shreveport
100%
33,411 Houma
88%
121,391 Lafayette
88%
143,507 Metairie
88%
45,262 Alexandria
75%
62,720 Bossier City
75%
84,938 Lake Charles
75%
28,688 Slidell
75%
47,706 Monroe
63%
19,632 Hammond
50%
18,164 Natchitoches
50%
28,519 New Iberia
50%
22,160 Ruston
50%
10,653 Bogalusa
38%
29,569 Central
38%
12,221 Gonzales
38%
17,809 Gretna
38%
6,275 Plaquemine
38%
19,423 Zachary
38%
12,482 Baker
25%
9,677 Bastrop
25%
11,579 Covington
25%
9,295 Denham Springs
25%
9,119 Harahan
25%
12,832 Mandeville
25%
15,836 Opelousas
25%
21,826 Sulphur
25%
15,933 Thibodaux
25%
13,093 West Monroe
25%
15,927 Youngsville
25%
11,199 Abbeville
13%
6,729 Addis
13%
13,352 Bayou Blue
13%
19,770 Bayou Cane
13%
10,579 Belle Chasse
13%
7,505 Breaux Bridge
13%
7,219 Bridge City
13%
13,469 Broussard
13%
9,278 Carencro
13%
21,562 Chalmette
13%
12,631 Claiborne
13%
11,698 Crowley
13%
5,533 Cut Off
13%
9,849 DeRidder
13%
11,340 Destrehan
13%
6,688 Donaldsonville
13%
7,782 Eden Isle
13%
5,649 Elmwood
13%
17,952 Estelle
13%
9,419 Eunice
13%
6,706 Franklin
13%
7,100 Galliano
13%
13,203 Gardere
13%
22,236 Harvey
13%
5,987 Inniswold
13%
10,633 Jefferson
13%
9,825 Jennings
13%
8,657 Lacombe
13%
28,841 Laplace
13%
6,763 Larose
13%
5,680 Leesville
13%
13,716 Luling
13%
32,382 Marrero
13%
6,804 Meraux
13%
9,227 Merrydale
13%
11,917 Minden
13%
11,477 Morgan City
13%
12,522 Moss Bluff
13%
6,690 Oakdale
13%
9,239 Oak Hills Place
13%
7,339 Old Jefferson
13%
5,938 Patterson
13%
14,384 Pineville
13%
7,786 Ponchatoula
13%
33,197 Prairieville
13%
7,745 Prien
13%
9,768 Raceland
13%
7,254 Rayne
13%
7,065 Red Chute
13%
8,541 Reserve
13%
13,591 River Ridge
13%
6,711 Schriever
13%
8,182 Scott
13%
19,292 Shenandoah
13%
6,439 St. Gabriel
13%
7,504 St. Rose
13%
6,296 Tallulah
13%
25,278 Terrytown
13%
10,364 Timberlane
13%
7,677 Village St. George
13%
6,321 Ville Platte
13%
5,758 Violet
13%
9,835 Waggaman
13%
6,361 Walker
13%
8,567 Westwego
13%
11,238 Woodmere
13%
7,950 Fort Polk South
0%
No matching quizzes found
Score Distribution
Percent of People with Each Score
Percentile by Number Answered
Your Score History
You have not taken this quiz